000 00531nam a2200205Ia 4500
005 20260429112312.0
008 260429s9999||||xx |||||||||||||| ||und||
020 _a9789389974935
041 _aEnglish
082 _a543
_bSAR
100 _aSarkar, D. K.
245 0 _aFundamentals of analytical chemistry /
_cD. K. Sarkar
250 _a1st ed.
260 _aHyderabad :
_bPharmaMed Press,
_c2024.
300 _axiv, 647 p.; pbk
650 _a Analytics
650 _aChemistry
700 _a Singla, Neelam
942 _cTB
999 _c53388
_d53388